LEADER 01089nam a2200265 u 4500 001 000000018087 003 CaOOAMICUS 005 20070226110632.0 008 941201s1962 it u000 u ita u 035 $a10423057 040 $aPUL$bita 100 1 $aLana, Italo.$0(OLS)http://pul/name/10516 245 10$aDue capitoli Prudenziani. :$bLa biografia, la cronologia delle opere, la poetica. 260 $aRoma :$bStudium,$c[1962] 300 $a105 p. ;$c24 cm 490 1 $aVerba seniorum,$an.s. ;$v2 504 $aIncludes bibliography. 600 14$aPrudentius Clemens, Aurelius,$d348-405.$0(OLS)http://pul/subject/8659 830 0$aVerba seniorum,$pn.s. ;$v2.$0(OLS)http://pul/title/25831 850 $aPUL 852 $aPUL$W1$xSL Religione 1$y3$m24 C 17$j25494$nBK-PRI$b $qStampati$B25494$CPULBib$Z2$F25494 $H $81 941 1 $a8 961 $aINV: 48626 996 $6245$aDue capitoli Prudenziani. :$bLa biografia, la cronologia delle opere, la poetica$9(OLS)http://pul/title/25830 996 $6260$aRoma :$bStudium$9(OLS)http://pul/publisher/47892 LEADER 01287nam a2200313 u 4500 001 000000041491 003 CaOOAMICUS 005 20070226114224.0 008 990203s1997 it u000 u ita u 020 $a8831101102 035 $a10813133 040 $aMSA$bita$dPUL(R) 100 1 $aAles Bello, Angela,$d1939-$0(OLS)http://pul/name/22845 245 10$aCulture e religioni :$buna lettura fenomenologica /$cAngela Ales Bello. 260 $a[Roma] :$bCittà Nuova,$c[1997] 300 $a191 p. ;$c20 cm 490 1 $aIdee.$aFilosofia ;$v110 500 $aInclude indici. 504 $aBibliografia: p. [177]-186. 650 4$aFenomenologia e religione.$0(OLS)http://pul/subject/9579 650 4$aAntropologia religiosa.$0(OLS)http://pul/subject/1805 830 0$aIdee.$pFilosofia ;$v110.$0(OLS)http://pul/title/10408 850 $aPUL 852 $aPUL$W1$xSL Filosofia 2$y80$mPhil A15 110$j56215$nBK-PRI$b $qStampati altre collocazioni$B56215$CPULBib$Z2$F56215 $H $81 941 1 $a10 961 $aINV: 77155 996 $6020$a8831101102$9(OLS)http://pul/number/51779 996 $6245$aCulture e religioni :$buna lettura fenomenologica$9(OLS)http://pul/title/56031 996 $6260$a[Roma] :$bCittà Nuova$9(OLS)http://pul/publisher/48834